000 01156njm a22002777a 4500
005 20100910110721.0
007 sd ammalaaahaa
008 100901t xxu||||| |||| 00| 0 hin d
028 _aN.74638
_bHis Master's Voice
028 _aOJE.25683
_bHis Master's Voice
035 _aGR-01806
040 _aSED/VEN
100 _917815
_aMangeshkar, Lata
245 _aSaathi /
_cby Lata Mangeshkar, Mukesh & Suman Kalyanpur : Music by Naushad
_h[sound recording] :
_bHindustani
246 _aसाथी (लता मंगेशकर मुकेश & सुमन कल्यानपुर)
260 _aDum Dum, India
_bHis Master's Voice
_c1968
300 _a1 sound disc :
_banalog, 33 1/3 rpm
_c10 in.
500 G _aBrief record
505 _aSide-1 Yeh kaun aaya (यह कौन आया), Side-2 Mera pyaar bhi tu hai (Happy) (मेरा प्यार भी तू है)
650 _aClassical music
_xExcerpts
_zIndia
_917813
700 _918219
_aMukesh
700 _918220
_aKalyanpur, Suman
700 _aNaushad
_919343
942 _2ddc
_cGR
999 _c44987
_d44987